| 000 | 00541 a2200205 4500 | ||
|---|---|---|---|
| 005 | 20260406152348.0 | ||
| 008 | 260406b |||||||| |||| 00| 0 eng d | ||
| 020 |
_a9789356748569 _cRs. 825.00 |
||
| 040 | _aMAIN | ||
| 082 |
_a332.6 _bM896I(2) |
||
| 100 | _aMukherjee, Subrata | ||
| 245 | _aInvestment management: Text problems and cases | ||
| 250 | _a2nd | ||
| 260 |
_bVikas Publishing House _c2024 _aNoida |
||
| 300 | _axxii, 662 | ||
| 650 | _aEconomics | ||
| 650 | _aFinancial Economics | ||
| 650 | _aInvestments | ||
| 942 | _cBK | ||
| 999 |
_c396968 _d396968 |
||